| 000 | 00410 a2200133 4500 | ||
|---|---|---|---|
| 020 | _a2882130279 | ||
| 082 |
_a861.08 _bC8289p |
||
| 100 |
_aCortes, Carlos _9599 |
||
| 245 | _aPoesie Costaricienne Du XX Siecle | ||
| 260 |
_aGeneve, Suisse _bPatiǫ/Union Latine _c1997 |
||
| 300 |
_a420 p _bill, col _c20.5 cm |
||
| 650 |
_apoesia _xliteratura _xs. XX _xHistoria y crt︡ica _zCosta Rica _9620 |
||
| 700 |
_aCarlos Cortes _9600 |
||
| 999 |
_c126 _d126 |
||